| 000 | 01193nam a2200313 i 4500 | ||
|---|---|---|---|
| 003 | DO-SdBNP | ||
| 005 | 20260218092716.0 | ||
| 007 | ta | ||
| 008 | 260218b2025 dr a|||| |||| 00| 0 spa d | ||
| 020 | _a9789945951950 | ||
| 040 |
_aDO-SdBNP _bspa _cBNPHU _erda |
||
| 041 | _aspa | ||
| 082 | 4 |
_axxx _bxxx _222 |
|
| 100 |
_aRosario, Luis del, _eautor _4aut. _989041 |
||
| 245 | 1 | 0 |
_aCuatro estaciones en el matrimonio : _bla bendición de desarrollar un matrimonio maduro / _cLuis del Rosario ; colaboración, Alexis Angulo, Yesenia Avila ; corrección, Yaky Smith ; prólogo, Rolando Metivier |
| 250 | _aPrimera edición | ||
| 264 | 4 |
_aSanto Domingo : _bPublicaciones Gente de Valores, _c©2025. |
|
| 300 |
_a119 páginas : _bilustraciones; _c22 cm. |
||
| 336 |
_atexto _btxt _2rdacontent |
||
| 337 |
_asin mediación _bn _2rdamedia |
||
| 338 |
_avolumen _bnc _2rdacarrier |
||
| 500 | _aIncluye datos biográficos del autor en la contracubierta | ||
| 590 | _aInventariado, 2026/BT | ||
| 700 | 1 |
_aAngulo, Alexis, _ecolaborador _4col. _978155 |
|
| 700 | 1 |
_aAvila, Yesenia, _ecolaborador _4col. _989042 |
|
| 700 | 1 |
_aSmith, Yaky _ecorrector _4corr. _989043 |
|
| 910 | _aBtavárez | ||
| 942 |
_2ddc _cLBS1 |
||
| 999 |
_c60355 _d60355 |
||